000
00301nam a2200121Ia 4500
008
190216s9999||||xx |||||||||||||| ||und||
100
_a
Thomas Tt
245
0
_a
Theoretical Inorganic Chemistry And Group Study
260
_b
Vidyarthimithram
_c
1976
300
_a
222p
650
_a
Chemistry
942
_c
BK
999
_c
2030
_d
2030